| 000 | 00536nam a2200181Ia 4500 | ||
|---|---|---|---|
| 008 | 191130s1974##################000#0#eng## | ||
| 020 | _a3261010851 | ||
| 040 |
_aACL _cACL |
||
| 082 | _a491.75 FOU | ||
| 100 | _aFougères, Regine Dalchow | ||
| 245 |
_aModern Russian adjectives correlative with the past passive participles _cRegine Dalchow Fougères |
||
| 260 |
_aBern _bPeter Lang AG _c1974 |
||
| 300 | _a170 p. ; 23 cm | ||
| 650 | _aRussland | ||
| 990 | _abd22557bac10000c1e8bc623ead51661 | ||
| 991 | _a421838 | ||
| 999 |
_c13131 _d13131 |
||